000 00368cam a2200145ua 4500
041 _aeng
_h
082 _a362.7
_bZIE/CH
100 _aZietz, Dorothy .
245 _achild welfare: principles and methods /
_cZietz,Dorithy.
_hTextual Documents
260 _a :
_bJohn Wiley & Sons ,
_c1959.
300 _a384 ; .
504 _a
942 _cBK
999 _c11905
_d11905